Devinez le Pays Mystère #120 - Statistiques

Statistiques générales
  • Ce quiz a été pris 436 fois
  • Le résultat moyen est 9 sur 15
Statistiques - réponses
Type de Réponse Réponse % Correct
Lettre Trouvée N
96%
Lettre Trouvée A
95%
Lettre Trouvée U
69%
Lettre Trouvée T
64%
Lettre Bien Placée A
61%
Lettre Bien Placée N
60%
Lettre Trouvée V
58%
Lettre Trouvée A
56%
Lettre Trouvée U
56%
Lettre Bien Placée V
51%
Lettre Bien Placée A
50%
Lettre Bien Placée T
48%
Lettre Bien Placée U
48%
Lettre Bien Placée U
48%
Pays Mystère Vanuatu
48%
Aucun quiz correspondant
Distribution des résultats
% des personnes avec chaque résultat
Percentile par nombre de réponses
Votre historique - résultats
Vous n’avez pas pris ce quiz